00400nam a2200193Ia 4500003000900000008004100009040001300050040001300063041000800076100001300084245004100097250001200138260000800150260000900158300001200167300001000179490000600189700001100195IT-RoPAU120407s9999 xx 000 0 und d aIT-RoPAU cIT-RoPAU aita aGastager aDizionario di Antropologia Pastorale aBologna aEDB c1980 a1225 p. c19 cm v1 aGriesl